000 00960nam a2200193Ii 4500
003 JO-AjNU
008 230605s9999||||xx |||||||||||||| ||und||
040 _aJO-AjNU
_bara
_erda
_cJO-AjNU
041 _aara
050 1 4 _aTA4160 2007
100 3 _aاتحاد المهندسين العرب، نقابة المهندسين الأردنيين,
_eauthor
_952200
245 0 0 _aالمؤتمر الهندسي العربي الرابع والعشرون: التعليم الهندسي في الوطن العربي بين الواقع والطموح 14-16 ايار (مايو ) 2007 عمان - الأردن
264 3 1 _aعمان: اتحاد المهندسين العرب، نقابة المهندسين الأردنيين، 2007
300 _a752ص
336 _atext
_btxt
_2rdacontent
337 _aunmediated
_bn
_2rdamedia
338 _avolume
_bnc
_2rdacarrier
650 4 _aالتعليم الهندسي - مؤتمرات - الاردن 13-16 ايار 2007
_952201
999 _aA23109
_c26677
_d26677